000
00264nam a22001217a 4500
999
_c
531565
_d
531565
003
NUST
038
_a
waseem
082
_a
982
_b
ARG
245
_a
Argentina /
260
_a
Coronel Manuel Arias :
_b
Iggy Publishing,
_c
[s.l].
300
_a
263 p. ;
942
_2
ddc
_c
BK